[Event "British Chess Championships 2023: Junior Blitz Open"]
[Site "The Venue, De Montfort University, 20 Western Boulevard, Leicester, LE2 7BU"]
[Date "2023.07.27"]
[Round "6"]
[Board "19"]
[White "Sharma, Josh"]
[Black "Parikh, Naavya"]
[Result "1-0"]
[WhiteElo "1663"]
[BlackElo "1374"]
[PlyCount "0"]
[EventDate "2023.07.27"]
[EventRounds "9"]
[EventCountry "ENG"]

1. d4 d5 2. Nc3 Nf6 3. Bf4 Bd7 4. e3 e6 5. Nf3 c5 6. Nb5 Bxb5 7. Bxb5+ Nbd7 8. c3
Be7 9. O-O O-O 10. Bd3 Nh5 11. Ne5 Nxf4 12. exf4 Nf6 13. dxc5 Bxc5 14. Qe2 Nd7 15.
Nf3 Qf6 16. g3 Rfe8 17. Qc2 h6 18. Rfe1 e5 19. Nxe5 Nxe5 20. fxe5 Rxe5 21. Rxe5 Qxe5
22. Rd1 Re8 23. Bf1 Qe4 24. Qd2 Rd8 25. Bg2 Qf5 26. c4 d4 27. b4 Be7 28. c5 Qd7 29.
Qd3 Bf6 30. b5 Rc8 31. Rc1 Bg5 32. Rc4 Bf6 33. c6 bxc6 34. Bxc6 Qd6 35. a4 a6 36.
Be4 Rxc4 37. Qxc4 axb5 38. Qxb5 g6 39. Bd3 Qe5 40. Qb6 Qe7 41. a5 Qd8 42. Qb5 Qc8
43. a6 Bd8 44. Be4 d3 45. Bxd3 Qa8 46. Bc4 Bc7 47. Bd5 Qb8 48. Qc4 Qa7 49. Bxf7+
Kg7 50. Be8 Be5 51. Qc6 Qe7 52. Bd7 Bd6 53. a7 Qe1+ 54. Kg2 Qe7 55. a8=Q Bc5 56.
Qab7 Bd6 57. Bg4 Qxb7 58. Qxb7+ Kf6 59. Qd7 Ke5 60. Qe6+ Kd4 61. Qxd6+ Kc3 62. Qxg6
Kd2 63. Qxh6+ Kc3 64. Qd6 Kc4 65. Be2+ Kc3 66. Qc5+ Kb3 67. Bc4+ Kc3 68. Bd5+ Kd3
69. Qc4+ Kd2 70. Be4 Kd1 71. Qd3+ Ke1 72. Qe3+ Kd1 73. Bf3+ Kc2 74. h4 Kb2 75. Qd3
Kc1 76. Qe2 Kb1 77. Qd2 Ka1 78. Kg1 Kb1 79. Kf1 Ka1 80. Ke2 Kb1 81. Kd3 Ka1 82. Kc3
Kb1 83. Qb2#  1-0

[Event "British Chess Championships 2023: Junior Blitz Open"]
[Site "The Venue, De Montfort University, 20 Western Boulevard, Leicester, LE2 7BU"]
[Date "2023.07.27"]
[Round "6"]
[Board "20"]
[White "Bates, Hubert"]
[Black "Buckland, Louis"]
[Result "1-0"]
[WhiteElo "1424"]
[BlackElo "1651"]
[PlyCount "0"]
[EventDate "2023.07.27"]
[EventRounds "9"]
[EventCountry "ENG"]

1. e4 c6 2. d4 d5 3. e5 c5 4. c3 Nc6 5. h3 Bf5 6. Nf3 e6 7. Bd3 Bxd3 8. Qxd3 Nge7
9. O-O cxd4 10. cxd4 Nf5 11. Nc3 Be7 12. Bf4 O-O 13. Rac1 Qb6 14. Rfd1 h6 15. Rd2
a5 16. a3 a4 17. Qc2 Nfxd4 18. Nxd4 Nxd4 19. Be3 Bc5 20. Nxd5 Nxc2 21. Nxb6 Nxe3
22. Rxc5 Nf5 23. Rc4 Rad8 24. Rxd8 Rxd8 25. Rxa4 Rd2 26. Ra8+ Kh7 27. b4 Re2 28.
Rb8 Rxe5 29. Rxb7 Nd6 30. Rd7 Nb5 31. a4 Nc3 32. a5 Re1+ 33. Kh2 Rb1 34. a6 Rxb4
35. a7 Na4 36. a8=Q Nxb6 37. Qc6 Nxd7 38. Qxd7 Rf4 39. Kg3 Rf6 40. Qd3+ g6 41. f4
h5 42. Qd4 Rf5 43. Kf3 Rd5 44. Qc4 Kg7 45. Qc3+ Kh7 46. g4 hxg4+ 47. hxg4 g5 48.
fxg5 Rxg5 49. Qf6 Rg7 50. g5 Kg8 51. Qh6 Rg6 52. Qh5 Kg7 53. Kf4 f6 54. gxf6+ Rxf6+
55. Ke4 Rf5 56. Qg4+ Kf6 57. Qh4+ Kf7 58. Qh7+ Kf6 59. Qh8+ Ke7 60. Qg7+ Kd6 61.
Qg3+ Ke7 62. Qb8 Kd7 63. Qc7+ Ke7 64. Qd6+ Rd5 65. Qf4 Kd6 66. Qf8+ Kc6 67. Qe7 Rd6
68. Qe8+ Kc7 69. Ke5 Rd1 70. Qe7+ Kc6 71. Qxe6+ Kc5 72. Qe7+ Kc4 73. Qc7+ Kd3 74.
Qd6+ Ke2 75. Qa6+ Ke1 76. Qa5+ Rd2 77. Ke4 Kd1 78. Qa4+ Kc1 79. Qc4+ Kd1 80. Ke3
Rc2 81. Qd3+ Kc1 82. Qa3+ Kb1 83. Kd3 Rb2  1-0

[Event "British Chess Championships 2023: Junior Blitz Open"]
[Site "The Venue, De Montfort University, 20 Western Boulevard, Leicester, LE2 7BU"]
[Date "2023.07.27"]
[Round "6"]
[Board "21"]
[White "Xu, Jiarui"]
[Black "Freeman, Luke"]
[Result "0-1"]
[WhiteElo "1400"]
[BlackElo "1639"]
[PlyCount "0"]
[EventDate "2023.07.27"]
[EventRounds "9"]
[EventCountry "ENG"]

1. e4 c5 2. Nf3 g6 3. d3 Bg7 4. Nc3 Nc6 5. g3 Nf6 6. Bg2 d6 7. O-O O-O 8. Be3 e5
9. Re1 Nd4 10. Bxd4 cxd4 11. Ne2 Bd7 12. c3 dxc3 13. bxc3 Qc8 14. Qd2 Bh3 15. Rab1
Bxg2 16. Kxg2 Nd7 17. d4 f5 18. exf5 gxf5 19. Rec1 e4 20. Ng5 Qe8 21. Rxb7 Nb6 22.
Nf4 Rf6 23. Qe2 Qc6 24. Qa6 h6 25. Nge6 Rf7 26. Rxf7 Kxf7 27. d5 Qd7 28. c4 Rc8 29.
h4 Be5 30. Kh3 Bxf4 31. gxf4 Rg8 32. c5 dxc5 33. Nxc5 Qe7 34. Ne6 Nxd5 35. Nd4 Nxf4+
36. Kh2 Rg2+ 37. Kh1 Qxh4#  0-1

[Event "British Chess Championships 2023: Junior Blitz Open"]
[Site "The Venue, De Montfort University, 20 Western Boulevard, Leicester, LE2 7BU"]
[Date "2023.07.27"]
[Round "6"]
[Board "22"]
[White "Whelan, Joseph"]
[Black "Kumar, Arnav"]
[Result "1-0"]
[WhiteElo "1675"]
[BlackElo "1526"]
[PlyCount "0"]
[EventDate "2023.07.27"]
[EventRounds "9"]
[EventCountry "ENG"]

1. d4 Nf6 2. Bf4 g6 3. Nc3 Bg7 4. e4 d6 5. Nf3 O-O 6. e5 dxe5 7. dxe5 Qxd1+ 8. Rxd1
Nfd7 9. Nd5 Na6 10. Bxa6 bxa6 11. Nxc7 Rb8 12. b3 Bb7 13. Nxa6 Bxa6 14. Rxd7 Rb7
15. Rxb7 Bxb7 16. c4 Bxf3 17. gxf3 Rd8 18. Ke2 e6 19. Rc1 Bf8 20. Bg5 Rc8 21. Bf6
Rc6 22. Rd1 Rc8 23. Rd7 a5 24. a4 Rb8 25. Rc7 Bg7 26. c5 Bxf6 27. exf6 h5 28. c6
Rxb3 29. Rc8+ Kh7 30. c7 Rb2+ 31. Kd3 Rb3+ 32. Kc2 Rb6 33. Rh8+ Kxh8 34. c8=Q+ Kh7
35. Qc7 Rb4 36. Qxf7+ Kh6 37. Qg7+ Kg5 38. f7 Rxa4 39. f8=B Rc4+ 40. Kd3 Ra4 41.
Qe5+ Kh4 42. Be7+ Kh3 43. Qg3  1-0

[Event "British Chess Championships 2023: Junior Blitz Open"]
[Site "The Venue, De Montfort University, 20 Western Boulevard, Leicester, LE2 7BU"]
[Date "2023.07.27"]
[Round "6"]
[Board "23"]
[White "Wang, Yuan Ya"]
[Black "Ding, Yiwen"]
[Result "0-1"]
[WhiteElo "1130"]
[BlackElo "1664"]
[PlyCount "0"]
[EventDate "2023.07.27"]
[EventRounds "9"]
[EventCountry "ENG"]

1. e4 c5 2. f4 d6 3. Nf3 Nf6 4. Nc3 e6 5. Bb5+ Bd7 6. Bxd7+ Nbxd7 7. O-O Be7 8. d4
cxd4 9. Nxd4 Nc5 10. Qe2 a6 11. f5 e5 12. Nb3 Nxb3 13. cxb3 h5 14. Bg5 b5 15. Bxf6
Bxf6 16. Nd5 Bg5 17. Qf3 Rc8 18. f6 gxf6 19. Nxf6+ Bxf6 20. Qxf6 Qxf6 21. Rxf6 Ke7
22. Rf2 a5 23. Raf1 Rh7 24. h3 a4 25. bxa4 bxa4 26. b3 axb3 27. axb3 Rb8 28. Rb2
Rb4 29. Re1 Rh8 30. Kf2 Rhb8 31. Re3 Ke6 32. Kf3 f5 33. exf5+ Kxf5 34. g3 d5 35.
Re1 Rxb3+ 36. Rxb3 Rxb3+ 37. Kg2 d4 38. Rd1 Re3 39. Kf2 Ke4 40. g4 Rxh3 41. Re1+
Kf4 42. g5 Rf3+ 43. Kg2 Rg3+ 44. Kh2 Rxg5 45. Rd1 Ke3 46. Kh3 d3 47. Kh4 Rf5 48.
Kg3 Ke2 49. Ra1 d2 50. Kg2 d1=Q 51. Ra2+ Qd2 52. Rxd2+ Kxd2 53. Kg3 Ke3 54. Kh4 Rf4+
55. Kg3 h4 56. Kh3 Rf3 57. Kxh4 Kf4 58. Kh5 Rg3 59. Kh4 e4 60. Kh5 Rg1 61. Kh6 Kf5
62. Kh7 Kf6 63. Kh8 Kf7 64. Kh7 Rh1  0-1

[Event "British Chess Championships 2023: Junior Blitz Open"]
[Site "The Venue, De Montfort University, 20 Western Boulevard, Leicester, LE2 7BU"]
[Date "2023.07.27"]
[Round "6"]
[Board "24"]
[White "Vaidyanathan, Sathya"]
[Black "Gadiot, Ashton"]
[Result "0-1"]
[WhiteElo "1635"]
[BlackElo "1227"]
[PlyCount "0"]
[EventDate "2023.07.27"]
[EventRounds "9"]
[EventCountry "ENG"]

1. b4 e5 2. Bb2 Nf6 3. Bxe5 Bxb4 4. c3 Be7 5. Bxf6 Bxf6 6. d4 c5 7. e3 Nc6 8. Nf3
cxd4 9. cxd4 Qa5+ 10. Qd2 Qxd2+ 11. Nbxd2 O-O 12. Bd3 Nb4 13. Be4 d5 14. Bb1 Bg4
15. a3 Nc6 16. O-O Rac8 17. Bd3 Rfe8 18. Rfc1 Na5 19. Be2 a6 20. Rab1 b5 21. h3 Bf5
22. Ra1 Nc4 23. a4 Nxd2 24. Nxd2 Bxd4 25. axb5 Bxa1 26. Rxa1 axb5 27. Bxb5 Red8 28.
Nf3 h6 29. Ne5 d4 30. exd4 Rxd4 31. Nf3 Rb4 32. Be2 Rb1+ 33. Rxb1 Bxb1 34. Kh2 Rc2
35. Nd4 Rd2 36. Nf3 Rxe2 37. Kg3 Be4 38. Nd4 Rd2 39. Nb3 Rb2 40. Nc5 Bc6 41. Nd3
Rd2 42. Ne5 Bb7 43. Nc4 Rd8 44. Na5 Ba8 45. Nc4 Kh7 46. Ne5 f6 47. Nc4 Kg6 48. Ne3
Rd3 49. Kf4  0-1

[Event "British Chess Championships 2023: Junior Blitz Open"]
[Site "The Venue, De Montfort University, 20 Western Boulevard, Leicester, LE2 7BU"]
[Date "2023.07.27"]
[Round "6"]
[Board "25"]
[White "Thomas, James"]
[Black "Calvert, George"]
[Result "0-1"]
[WhiteElo "1616"]
[BlackElo "1536"]
[PlyCount "0"]
[EventDate "2023.07.27"]
[EventRounds "9"]
[EventCountry "ENG"]

1. d4 d5 2. Bf4 Nf6 3. e3 c6 4. c3 Bf5 5. Nd2 Nbd7 6. Ngf3 e6 7. Be2 Be7 8. h3 O-O
9. Nh4 Bg6 10. Nxg6 fxg6 11. O-O Nb6 12. a4 a5 13. Qb3 c5 14. Nf3 c4 15. Qc2 Ne4
16. b3 Rc8 17. bxc4 Nxc4 18. Bxc4 Rxc4 19. Ra3 Bxa3 20. Qa2 Bd6 21. Bxd6 Qxd6 22.
Ne5 Nxc3 23. Qb3 Ne2+ 24. Kh1 Rc3 25. Qxb7 Rc1 26. Rxc1 Nxc1 27. Qb1 Ne2 28. Qe1
Qa6 29. Nd7 Rc8 30. Nc5 Qc4 31. Kh2 e5 32. Qxa5 exd4 33. exd4 Nxd4 34. Nd7 Qc7+ 35.
Nb6  0-1

[Event "British Chess Championships 2023: Junior Blitz Open"]
[Site "The Venue, De Montfort University, 20 Western Boulevard, Leicester, LE2 7BU"]
[Date "2023.07.27"]
[Round "6"]
[Board "26"]
[White "Sewart, Daniel"]
[Black "Wills, Jack"]
[Result "0-1"]
[WhiteElo "1374"]
[BlackElo "1655"]
[PlyCount "0"]
[EventDate "2023.07.27"]
[EventRounds "9"]
[EventCountry "ENG"]

1. e4 e5 2. Nf3 Nc6 3. d4 exd4 4. Bc4 Bb4+ 5. c3 dxc3 6. Nxc3 d6 7. O-O Nge7 8. Re1
O-O 9. a3 Bxc3 10. bxc3 h6 11. e5 Bg4 12. exd6 Bxf3 13. Qxf3 Qxd6 14. Bf4 Qf6 15.
Bd3 Ng6 16. Rac1 Qxf4 17. Bxg6 Qxf3 18. Bh7+ Kxh7 19. gxf3 Rfe8 20. Re4 Rxe4 21.
fxe4 Re8 22. f3 Ne5 23. Kf2 Nd3+ 24. Ke3 Nxc1 25. Kd2 Nb3+ 26. Kd3 Nc5+ 27. Kd4 Ne6+
28. Kd3 c5 29. c4 Rd8+ 30. Ke3 a6 31. a4 Rd4 32. e5 Rxc4 33. f4 Rxf4 34. a5 Ra4 35.
h3 c4 36. h4 c3 37. h5 c2 38. Kd3 Nd4 39. e6 fxe6 40. Ke4 c1=Q 41. Kd3 Qc2+ 42. Ke3
Nf5+ 43. Kf3 Qe4+ 44. Kf2 Qe3+ 45. Kg2 Ra2+ 46. Kf1 Qc1#  0-1

[Event "British Chess Championships 2023: Junior Blitz Open"]
[Site "The Venue, De Montfort University, 20 Western Boulevard, Leicester, LE2 7BU"]
[Date "2023.07.27"]
[Round "7"]
[Board "1"]
[White "Banerjee, Supratit"]
[Black "Dayal, Samar"]
[Result "1-0"]
[WhiteElo "1918"]
[BlackElo "1400"]
[PlyCount "0"]
[EventDate "2023.07.27"]
[EventRounds "9"]
[EventCountry "ENG"]

1. e4 c5 2. c3 d5 3. exd5 Qxd5 4. d4 cxd4 5. cxd4 Nc6 6. Nf3 e6 7. Nc3 Qd8 8. Be2
Nf6 9. O-O Bd6 10. Bg5 O-O 11. Rc1 h6 12. Bh4 a6 13. Re1 b5 14. d5 Nb4 15. a3 Nbxd5
16. Nxd5 exd5 17. Bxf6 gxf6 18. Qd2 Kh7 19. Bd3+ f5 20. Rc6 Qf6 21. Nd4 Bd7 22. Rxd6
Qxd6 23. Nxf5 Bxf5 24. Bxf5+ Kg7 25. Re3 Rg8 26. Rd3 Rae8 27. h3 Re7 28. Rxd5 Re1+
29. Qxe1 Qxd5 30. Qc3+ f6 31. Qc7+ Qf7 32. Qg3+ Kh8 33. Qf4 Qg7 34. g4 Qg5 35. Qc7
Qg7 36. Qc6 Qe7 37. Qxa6 Rb8 38. Qc6 Qe1+ 39. Kg2 Qe5 40. Qc1 Kg7 41. Qd2 Re8 42.
Qd7+ Qe7 43. Qxb5 Rd8  1-0

[Event "British Chess Championships 2023: Junior Blitz Open"]
[Site "The Venue, De Montfort University, 20 Western Boulevard, Leicester, LE2 7BU"]
[Date "2023.07.27"]
[Round "7"]
[Board "2"]
[White "Badacsonyi, Stanley"]
[Black "Kothari, Jai"]
[Result "1-0"]
[WhiteElo "2231"]
[BlackElo "1951"]
[PlyCount "0"]
[EventDate "2023.07.27"]
[EventRounds "9"]
[EventCountry "ENG"]

1. d4 Nf6 2. Bg5 Ne4 3. Bf4 d5 4. e3 g6 5. Nf3 Bg7 6. Bd3 b6 7. c4 e6 8. cxd5 exd5
9. O-O O-O 10. Nc3 Bb7 11. Qc2 Nxc3 12. bxc3 Nd7 13. Rfe1 c5 14. h3 Rc8 15. Qd2 cxd4
16. cxd4 Nf6 17. Rec1 Qe7 18. Rxc8 Rxc8 19. Rc1 Qe8 20. Rc2 Ne4 21. Qc1 Rxc2 22.
Qxc2 Qc8 23. Qxc8+ Bxc8 24. Ne5 Kf8 25. Nc6 a6 26. Nb4 Nc3 27. a3 a5 28. Nc6 Bd7
29. Nb8 Bb5 30. Bc2 Ne2+ 31. Kh2 Nxf4 32. exf4 Bxd4 33. a4 Bc4 34. Kg3 Ke7 35. Nc6+
Kd6 36. Nxd4 Kc5 37. Nf3 d4 38. Ne5 Be6 39. Kf3 f5 40. g4 Bd5+ 41. Ke2 Be4 42. Bd3
Kb4 43. Nd7 Bg2 44. gxf5 Bxh3 45. fxg6 hxg6 46. Nxb6 Bg4+ 47. f3 Kc5 48. fxg4 Kxb6
49. Bxg6 Kc5 50. Kd3  1-0

[Event "British Chess Championships 2023: Junior Blitz Open"]
[Site "The Venue, De Montfort University, 20 Western Boulevard, Leicester, LE2 7BU"]
[Date "2023.07.27"]
[Round "7"]
[Board "3"]
[White "Cancedda-Dupuis, Livio"]
[Black "Lebedev, Lion"]
[Result "1/2-1/2"]
[WhiteElo "1862"]
[BlackElo "1865"]
[PlyCount "0"]
[EventDate "2023.07.27"]
[EventRounds "9"]
[EventCountry "ENG"]

1. e4 e5 2. Nf3 Nc6 3. Bb5 a6 4. Ba4 Nf6 5. O-O Nxe4 6. Re1 Nc5 7. Bxc6 dxc6 8. Nxe5
Be7 9. Nc3 Be6 10. d4 Nd7 11. Bf4 O-O 12. Qd2 Nf6 13. Rad1 Nd5 14. Nxd5 Bxd5 15.
b3 f6 16. Nd3 Bd6 17. c4 Bf7 18. Bxd6 cxd6 19. Nf4 Qd7 20. d5 c5 21. Re3 Rfe8 22.
Rde1 Re5 23. Nd3 Rxe3 24. Rxe3 Re8 25. f3 Kf8 26. Kf2 Rxe3 27. Qxe3 Qe7 28. f4 Bg6
29. Nc1 Qe4 30. Qxe4 Bxe4 31. g4 g5 32. f5 h5 33. h3 h4 34. a3 a5 35. Ne2 Bc2 36.
Nc1 Be4 37. Na2 Bc2 38. Nc1 Be4 39. a4 Ke7 40. Ne2 Bc2 41. Nc1 Be4 42. Ne2 Bc2 43.
Nc1 Be4 44. Ne2 Bc2 45. Nc1  1/2-1/2

[Event "British Chess Championships 2023: Junior Blitz Open"]
[Site "The Venue, De Montfort University, 20 Western Boulevard, Leicester, LE2 7BU"]
[Date "2023.07.27"]
[Round "7"]
[Board "4"]
[White "Madhavan, Sanjith"]
[Black "Zhao, George"]
[Result "0-1"]
[WhiteElo "1793"]
[BlackElo "1720"]
[PlyCount "0"]
[EventDate "2023.07.27"]
[EventRounds "9"]
[EventCountry "ENG"]

1. e4 e6 2. d4 d5 3. Nd2 a6 4. Ngf3 c5 5. exd5 exd5 6. Be2 Nc6 7. O-O cxd4 8. Nb3
Be7 9. Nbxd4 Nxd4 10. Nxd4 Nf6 11. Bg5 O-O 12. c3 Ne4 13. Bxe7 Qxe7 14. Bf3 Nf6 15.
Re1 Qc7 16. Qd3 Bg4 17. Bxg4 Nxg4 18. Qg3 Qxg3 19. hxg3 Rae8 20. Rad1 Nf6 21. f3
g6 22. Kf2 Kg7 23. Nc2 Re6 24. Ne3 Rfe8 25. Nc2 Rxe1 26. Rxe1 Rxe1 27. Nxe1 Kf8 28.
Ke3 Ke7 29. Kd4 Kd6 30. Nc2 Ne8 31. Ne3 Nc7 32. Ng4 Ne6+ 33. Kd3 h5 34. Nf6 b5 35.
g4 hxg4 36. Nxg4 Nf4+ 37. Kd4 Nxg2 38. Ne5 Ke6 39. Nc6 f5 40. Nb4 Ne1 41. f4 a5 42.
Nxd5 Nf3+ 43. Kc5 Ne1 44. Nc7+ Kd7 45. Nxb5 Nd3+ 46. Kd4 Nxf4 47. b4 axb4 48. cxb4
Ne6+ 49. Ke5 f4 50. Ke4 Kc6 51. Nc3 g5 52. a4 Kb6 53. Ne2 Ka6 54. Ng1 g4 55. Kf5
f3  0-1

[Event "British Chess Championships 2023: Junior Blitz Open"]
[Site "The Venue, De Montfort University, 20 Western Boulevard, Leicester, LE2 7BU"]
[Date "2023.07.27"]
[Round "7"]
[Board "5"]
[White "Han, Yichen"]
[Black "Nawalaniec, Adam"]
[Result "1-0"]
[WhiteElo "2355"]
[BlackElo "1614"]
[PlyCount "0"]
[EventDate "2023.07.27"]
[EventRounds "9"]
[EventCountry "ENG"]

1. d4 c5 2. d5 Nf6 3. Nc3 d6 4. e4 g6 5. Nf3 Bg7 6. Bb5+ Nbd7 7. a4 O-O 8. Nd2 a6
9. Be2 b6 10. O-O Ne8 11. Nc4 Nc7 12. Bg5 h6 13. Bh4 Bf6 14. Bxf6 Nxf6 15. Nxb6 Rb8
16. a5 Bd7 17. Qd2 Kg7 18. f4 Nb5 19. e5 Ne8 20. Nxb5 axb5 21. b4 c4 22. Qd4 Kh7
23. Nxd7 Qxd7 24. f5 dxe5 25. fxg6+ fxg6 26. Qxe5 Nf6 27. Rad1 Qd6 28. Qxd6 exd6
29. Bf3 Nd7 30. Bg4 Ne5 31. Be6 Kg7 32. Rxf8 Kxf8 33. a6 Ra8 34. Ra1 Ra7 35. Ra5
c3 36. Bc8 Nc4 37. Rxb5 Na3 38. Rb8 Ke8 39. Be6+ Ke7 40. Rb7+  1-0

[Event "British Chess Championships 2023: Junior Blitz Open"]
[Site "The Venue, De Montfort University, 20 Western Boulevard, Leicester, LE2 7BU"]
[Date "2023.07.27"]
[Round "7"]
[Board "6"]
[White "Humphreys, Benjamin"]
[Black "Babu, Rahul"]
[Result "0-1"]
[WhiteElo "1723"]
[BlackElo "1863"]
[PlyCount "0"]
[EventDate "2023.07.27"]
[EventRounds "9"]
[EventCountry "ENG"]

1. e4 c5 2. Nc3 e6 3. Nf3 Nc6 4. d4 cxd4 5. Nxd4 Qc7 6. Be2 a6 7. O-O Nf6 8. Be3
Be7 9. f4 d6 10. Nxc6 bxc6 11. Bd3 O-O 12. g4 Kh8 13. g5 Nd7 14. h4 Rb8 15. b3 c5
16. h5 Bb7 17. g6 d5 18. exd5 exd5 19. f5 Qg3+ 20. Kh1 Qxe3 21. gxh7 d4+  0-1

[Event "British Chess Championships 2023: Junior Blitz Open"]
[Site "The Venue, De Montfort University, 20 Western Boulevard, Leicester, LE2 7BU"]
[Date "2023.07.27"]
[Round "7"]
[Board "7"]
[White "Pert, Max P"]
[Black "Zhu, Pengxiao"]
[Result "1-0"]
[WhiteElo "1614"]
[BlackElo "1759"]
[PlyCount "0"]
[EventDate "2023.07.27"]
[EventRounds "9"]
[EventCountry "ENG"]

1. d4 d5 2. Nc3 Nf6 3. Bf4 c5 4. e3 cxd4 5. exd4 a6 6. Nf3 Nc6 7. Bd3 Bg4 8. h3 Bxf3
9. Qxf3 Nxd4 10. Qg3 Nh5 11. Qe3 Ne6 12. Bh2 d4 13. Qe5 dxc3 14. Qxh5 cxb2 15. Rb1
g6 16. Qf3 Qa5+ 17. Kf1 Qb6 18. g4 Bg7 19. Kg2 O-O 20. Rhe1 Nd4 21. Qe4 Nc6 22. Qd5
Rad8 23. Qf3 Nd4 24. Qe4 Nc6 25. Qf3 e6 26. Bf4 Nb4 27. Qg3 Qc6+ 28. Be4 Nd5 29.
Be5 Bxe5 30. Qxe5 b5 31. Rxb2 Qd6 32. Qxd6 Rxd6 33. Kf3 Nc3 34. Bd3 Na4 35. Rb3 Nc5
36. Rc3 Nxd3 37. cxd3 Rfd8 38. Ke3 Rd5 39. Rec1 R8d6 40. Rc7 Kg7 41. Ra7 Re5+ 42.
Kf4 Red5 43. Rcc7 Rd4+ 44. Kg3 Rxd3+ 45. f3 Kf6 46. Rxf7+ Ke5 47. Rxh7 Ra3 48. h4
Rdd3 49. Raf7 Rxa2 50. h5 gxh5 51. gxh5 b4 52. h6 b3 53. Rb7 b2 54. Rb6 Rd1 55. Rhb7
Rh1 56. h7 Rh6  1-0

[Event "British Chess Championships 2023: Junior Blitz Open"]
[Site "The Venue, De Montfort University, 20 Western Boulevard, Leicester, LE2 7BU"]
[Date "2023.07.27"]
[Round "7"]
[Board "8"]
[White "Kairat, Alexander"]
[Black "Pert, Nina P"]
[Result "0-1"]
[WhiteElo "1486"]
[BlackElo "1735"]
[PlyCount "0"]
[EventDate "2023.07.27"]
[EventRounds "9"]
[EventCountry "ENG"]

1. e4 c6 2. Ne2 d5 3. e5 c5 4. c3 d4 5. cxd4 cxd4 6. d3 Nc6 7. f4 Bg4 8. g3 Bf3 9.
Rg1 e6 10. Kf2 Bd5 11. Nd2 Nge7 12. Ne4 Nf5 13. h3 Ne3 14. Bxe3 dxe3+ 15. Kg2 f5
16. N2c3 fxe4 17. dxe4 Bxa2 18. Qxd8+ Rxd8 19. Rxa2 Rd2+ 20. Kh1 Bc5 21. Bg2 Nd4
22. Re1 Nc2 23. Rc1 e2 24. Ra4 e1=Q+ 25. Rxe1 Nxe1 26. Bf1 Nf3 27. Ne2 O-O 28. Rc4
b6 29. b4 Be3 30. Rc7 Rd1 31. Kg2 Ne1+ 32. Kh2 Nd3 33. Kg2 g5 34. Rd7 Ne1+ 35. Kh2
Rxd7 36. f5 exf5 37. Nc3 Rd2+ 38. Kh1 Nf3 39. Bc4+ Kg7 40. Ne2 fxe4 41. h4 g4 42.
Kg2 Ne1+ 43. Kh2 Rf2+ 44. Kh1 Nf3  0-1

[Event "British Chess Championships 2023: Junior Blitz Open"]
[Site "The Venue, De Montfort University, 20 Western Boulevard, Leicester, LE2 7BU"]
[Date "2023.07.27"]
[Round "7"]
[Board "9"]
[White "Patel, Zain"]
[Black "Yu, Rock"]
[Result "1-0"]
[WhiteElo "1919"]
[BlackElo "1637"]
[PlyCount "0"]
[EventDate "2023.07.27"]
[EventRounds "9"]
[EventCountry "ENG"]

1. d4 b5 2. e3 a6 3. Nf3 Bb7 4. g3 e6 5. Bg2 Nf6 6. O-O d5 7. b3 Nbd7 8. Bb2 Be7
9. Nbd2 O-O 10. Ne5 Ne8 11. c4 c6 12. Rc1 f6 13. Nxd7 Qxd7 14. e4 dxe4 15. Nxe4 f5
16. Nc3 Bf6 17. Ne2 Rd8 18. cxb5 cxb5 19. Bxb7 Qxb7 20. Nf4 Rd6 21. Re1 Nc7 22. Ba3
Rxd4 23. Qc2 Nd5 24. Nxe6 Rg4 25. Nxf8 Nf4 26. Qc6 Qf7 27. Ne6  1-0

[Event "British Chess Championships 2023: Junior Blitz Open"]
[Site "The Venue, De Montfort University, 20 Western Boulevard, Leicester, LE2 7BU"]
[Date "2023.07.27"]
[Round "7"]
[Board "10"]
[White "Roul, Tushar"]
[Black "Vaidyanathan, Adithya"]
[Result "1-0"]
[WhiteElo "1660"]
[BlackElo "1810"]
[PlyCount "0"]
[EventDate "2023.07.27"]
[EventRounds "9"]
[EventCountry "ENG"]

1. e4 c5 2. Nf3 Nc6 3. Bb5 d6 4. Bxc6+ bxc6 5. c3 g6 6. d4 cxd4 7. cxd4 Bg7 8. Nc3
Nf6 9. O-O O-O 10. Re1 Bg4 11. Be3 d5 12. e5 Ne4 13. h3 Nxc3 14. bxc3 Bxf3 15. Qxf3
e6 16. Bc1 Qa5 17. a4 Rfb8 18. Ba3 Rb7 19. Bb4 Qc7 20. a5 Rb5 21. a6 Rab8 22. Bd6
Qb6 23. Bxb8 Qxb8 24. Qd3 Qc8 25. Reb1 Rxb1+ 26. Rxb1 c5 27. Qb5 f5 28. Qb8 Qxb8
29. Rxb8+ Bf8 30. dxc5 Kf7 31. c6 Bg7 32. Rb7+ Kf8 33. Rxg7 Kxg7 34. c7 g5 35. c8=Q
Kg6 36. Qxe6+ Kh5 37. Qxf5 d4 38. Qxh7#  1-0

[Event "British Chess Championships 2023: Junior Blitz Open"]
[Site "The Venue, De Montfort University, 20 Western Boulevard, Leicester, LE2 7BU"]
[Date "2023.07.27"]
[Round "7"]
[Board "11"]
[White "Mathur, Pranav"]
[Black "Catabay, Mae C"]
[Result "1-0"]
[WhiteElo "2026"]
[BlackElo "1494"]
[PlyCount "0"]
[EventDate "2023.07.27"]
[EventRounds "9"]
[EventCountry "ENG"]

1. d4 Nf6 2. Nf3 d5 3. Bf4 e6 4. e3 Bd6 5. Bg3 Nbd7 6. c3 O-O 7. Nbd2 Qe7 8. Ne5
c5 9. f4 cxd4 10. exd4 Ne4 11. Nxe4 dxe4 12. Qc2 f6 13. Nxd7 Bxd7 14. Qxe4 Bc6 15.
Qc2 Kh8 16. Bd3 f5 17. O-O Qd7 18. Rfe1 Rae8 19. b4 Bc7 20. a4 a6 21. Reb1 Rd8 22.
b5 axb5 23. axb5 Bd5 24. c4 Bxg2 25. Kxg2 Qxd4 26. Be2 Bxf4 27. Rd1 Qe3 28. Bf3 b6
29. Bf2 Qe5 30. Qe2 Bxh2 31. Qxe5 Bxe5 32. Bxb6 Rb8 33. Bd4 Bd6 34. Re1 Rfe8 35.
Bc6 Re7 36. c5 Bf4 37. Kf3 Rd8 38. Rad1 Bb8 39. Bc3 Rf8 40. Be5 Rc8 41. Bxb8 Rxb8
42. Rd6 e5 43. Red1 Rg8 44. Rd8 e4+ 45. Kf4 g5+ 46. Kg3 f4+ 47. Kf2 e3+ 48. Kf3 e2
49. Rxg8+ Kxg8 50. Re1 Re3+ 51. Kf2 g4 52. Rxe2 g3+ 53. Kf1  1-0

[Event "British Chess Championships 2023: Junior Blitz Open"]
[Site "The Venue, De Montfort University, 20 Western Boulevard, Leicester, LE2 7BU"]
[Date "2023.07.27"]
[Round "7"]
[Board "12"]
[White "Sedykh, Stakhey"]
[Black "Sharma, Josh"]
[Result "1/2-1/2"]
[WhiteElo "1832"]
[BlackElo "1663"]
[PlyCount "0"]
[EventDate "2023.07.27"]
[EventRounds "9"]
[EventCountry "ENG"]

1. e4 e5 2. Nf3 Nc6 3. Bc4 Bc5 4. c3 Nf6 5. d3 d6 6. Nbd2 a5 7. a4 Ba7 8. Nf1 O-O
9. Ng3 h6 10. O-O Ne7 11. Nh4 Be6 12. Bb3 d5 13. Nhf5 Nxf5 14. exf5 Bd7 15. Be3 c6
16. Bxa7 Rxa7 17. f4 exf4 18. Rxf4 Qb6+ 19. d4 Qc7 20. Rf1 Re8 21. Qd2 Kh7 22. Bc2
Raa8 23. Rae1 Rxe1 24. Rxe1 Re8 25. Rxe8 Bxe8 26. Qe2 b5 27. axb5 cxb5 28. Nh5 Bd7
29. Nxf6+ gxf6 30. Qe7 Kg7 31. Bd3 b4 32. Bb5 bxc3 33. bxc3 Qxc3 34. Bxd7 Qxd4+ 35.
Kf1 Qd1+ 36. Kf2 Qc2+ 37. Kg3 Qc3+ 38. Kh4 Qd4+ 39. g4 Qf2+ 40. Kh3 Qf3+ 41. Kh4
Qf2+ 42. Kh3 Qf3+  1/2-1/2